Τα ελληνικά σχολεία στη Θεσσαλονίκη κατά τον τελευταίο αιώνα της Τουρκοκρατίας : συμπόσιο

Αποθηκεύτηκε σε:
Λεπτομέρειες βιβλιογραφικής εγγραφής
Συγγραφή απο Οργανισμό/Αρχή: Αριστοτέλειο Πανεπιστήμιο Θεσσαλονίκης Φιλοσοφική Σχολή Τομέας Παιδαγωγικής Ιστορικό Αρχείο Νεοελληνικής Εκπαίδευσης
Άλλοι συγγραφείς: Τερζής, Νίκος Π., 1941-
Μορφή: Βιβλίο
Γλώσσα:Greek
Δημοσίευση: Θεσσαλονίκη : Κέντρο Ιστορίας Θεσσαλονίκης Δήμου Θεσσαλονίκης, 1994.
Σειρά:Αυτοτελείς εκδόσεις (Κέντρο Ιστορίας Θεσσαλονίκης του Δήμου Θεσσαλονίκης) ; 14
Θέματα:
Ετικέτες: Προσθήκη ετικέτας
Δεν υπάρχουν, Καταχωρήστε ετικέτα πρώτοι!

MARC

LEADER 00000cam a2200000 i 4500
001 1/6787
008 960715s1994 gr | ||| ||| ||gre||
035 |l 10016478 
040 |a GR-MY-UA  |b gre  |e aacr 
041 0 |a gre 
082 7 |a 371.0094956   |2 (22) 
110 2 |a Αριστοτέλειο Πανεπιστήμιο Θεσσαλονίκης  |b Φιλοσοφική Σχολή  |b Τομέας Παιδαγωγικής  |b Ιστορικό Αρχείο Νεοελληνικής Εκπαίδευσης. 
245 1 3 |a Τα ελληνικά σχολεία στη Θεσσαλονίκη κατά τον τελευταίο αιώνα της Τουρκοκρατίας :   |b συμπόσιο /   |c Ν. Τερζής...[κ. ά.].  
260 |a Θεσσαλονίκη :   |b Κέντρο Ιστορίας Θεσσαλονίκης Δήμου Θεσσαλονίκης,   |c 1994.  
300 |a 275 σ. :   |b πίν., σχ. ; 
490 1 |a (Αυτοτελείς εκδόσεις / Κέντρο Ιστορίας Θεσσαλονίκης του Δήμου Θεσσαλονίκης ;   |v  14) 
650 0 0 |a Schools  |z Greece  |z Thessalonike  |x History  |y 18th century. 
650 0 0 |a Schools  |z Greece  |z Thessalonike  |x History  |y 19th century. 
700 1 |a Τερζής, Νίκος Π.,   |d 1941- 
830 0 |a Αυτοτελείς εκδόσεις (Κέντρο Ιστορίας Θεσσαλονίκης του Δήμου Θεσσαλονίκης)  |v  ; 14 
852 |a INST  |b LESVOS  |e 19960715  |h 371.0094956 ΕΛΛ  |p 005100009546  |q 005100009546  |t BK  |y 0 
909 |a Λ  |b 044209 
922 |a 1ΕΛΗ  |b 199607 
970 |z 15-07-1996